| 000 | 00563nam a22001817a 4500 | ||
|---|---|---|---|
| 999 |
_c196027 _d196027 |
||
| 005 | 20230517152621.0 | ||
| 010 | _aENG-136947 | ||
| 020 |
_a9789382711186 _c399.00 |
||
| 035 | _aEN-120479 | ||
| 037 | _bDBAD/PUB | ||
| 082 | _a923 | ||
| 100 | _aVerma, Sudesh | ||
| 245 |
_aNarendra Modi The Game Changer / _cBy Sudesh Verma |
||
| 260 |
_bVitasta Publishing Pvt Ltd _c2017 _aNew Delhi |
||
| 270 |
_a2-15, Ansari Road, Darya Ganj _bNew Delhi _e110002 _minfo@vitastapublishing.com |
||
| 300 |
_a457p.; _c22cm(pbk) |
||
| 942 |
_2ddc _cEN _h923 _mVER |
||